Ładuje się......
Naayarude mooku /
| 1. autor: | |
|---|---|
| Format: | Printed Book |
| Język: | Malayalam |
| Wydane: |
S.P.C.S. ,
1970.
|
| Hasła przedmiotowe: |
| LEADER | 00482nam a2200157Ia 4500 | ||
|---|---|---|---|
| 008 | 150624b xxu||||| |||| 00| j mal d | ||
| 082 | |a 855 | ||
| 100 | |a Govidhan Nair, M. N. | ||
| 245 | |c M. N. Govidhan Nair |a Naayarude mooku / | ||
| 260 | |b S.P.C.S. , |c 1970. | ||
| 300 | |a 92 p. | ||
| 546 | |a In Malayalam. | ||
| 650 | |v Short stories | ||
| 942 | |c BK | ||
| 999 | |c 74095 |d 74095 | ||
| 952 | |0 0 |1 0 |4 0 |6 855_000000000000000_M |7 0 |9 74041 |a UL |b UL |c ST1 |d 1998-08-28 |l 0 |o 855 M |p 15962 |r 2012-10-27 |w 2012-10-27 |y BK | ||